000 00324 a2200157 4500
001 70691
020 _a97899366097
040 _cAnchieta - Itaigara
100 _aTavares, Luís Henrique Dias
240 1 0 _aBahia, 1798
_lpor
245 1 0 _aBahia, 1798
300 _a40
362 0 _a2010
650 4 _aBahia
942 _cBK
999 _c70691
_d70691